000
00233nam a2200097Ia 4500
005
20251222114402.0
008
251222s1900||||xx |||||||||||||| ||spa||
082
_a
DVD0060/D33/1997
245
0
_a
Los 92 minutos del Sr. Baum:
942
_c
DVD
999
_c
1679
_d
1679